000 00433nam a2200181Ia 4500
008 210210b1928 xxu||||| |||| 00| 0 eng d
041 _aeng
082 _a535/99
100 _aPALMER (L S)
245 _aWireless principles and practice
260 _aLondon
_bLongmans Green & Co Ltd.
_c1928
300 _a504
650 _aWireless
650 _aprinciples
650 _apractice
690 _aElectricity
906 _a008717
999 _c126652
_d126652